MANAGEMENT CONTROLS NEW DIRECTION IN BASIC RESEARCH (Record no. 567308)
[ view plain ]
| 000 -LEADER | |
|---|---|
| fixed length control field | 00311nam a22001097a 4500 |
| 082 ## - DEWEY DECIMAL CLASSIFICATION NUMBER | |
| Classification number | 658 MAN'B |
| 100 ## - MAIN ENTRY--PERSONAL NAME | |
| Personal name | JAEDICKE, ROBERT K,BONINI, CHARLES P,WAGNER, HERREY M |
| 9 (RLIN) | 56986 |
| 245 ## - TITLE STATEMENT | |
| Title | MANAGEMENT CONTROLS NEW DIRECTION IN BASIC RESEARCH |
| 260 ## - PUBLICATION, DISTRIBUTION, ETC. | |
| Place of publication, distribution, etc. | NEWYORK |
| Name of publisher, distributor, etc. | MCGRAW HILL |
| Date of publication, distribution, etc. | 1964 |
| 300 ## - PHYSICAL DESCRIPTION | |
| Extent | 341P |
| 942 ## - ADDED ENTRY ELEMENTS (KOHA) | |
| Koha item type | Book |
| Withdrawn status | Lost status | Damaged status | Not for loan | Permanent Location | Current Location | Shelving location | Date acquired | Total Checkouts | Full call number | Barcode | Date last seen | Price effective from | Koha item type |
|---|---|---|---|---|---|---|---|---|---|---|---|---|---|
| College of Electrical & Mechanical Engineering (CEME) | College of Electrical & Mechanical Engineering (CEME) | General Stacks | 07/12/2017 | 658 MAN'B | CEME-4428 | 06/28/2021 | 06/28/2021 | Book |
